000 01455nam a2200433 c 4500
999 _c49479
_d49479
001 49479
003 ES-MaCES
005 20170530120206.0
008 170529s2017 sp 000 | spa d
017 _aMU 384-2017
_bDL
020 _a9788494659591
040 _aES-MaCES
_bspa
_cES-MaCES
100 1 _aLópez Insua, Belén del Mar
_916923
245 1 3 _aEl principio de igualdad de género en el Derecho social del trabajo
_cBelén del Mar López Insua ; [pr., José Luis Monereo Pérez]
250 _a1ª ed
260 _aMurcia
_bLaborum
_c2017
300 _a261 p.
_c24 cm
504 _aBibliografía: p. 245-261
541 _cCompra
650 4 _aigualdad de oportunidades
_927183
650 4 _aigualdad de oportunidades en el empleo
_930649
650 4 _adiscriminación por razones de sexo
_929521
650 4 _anegociación colectiva
_928362
650 4 _apolítica de empleo
_928300
650 4 _ainserción profesional
_929942
650 4 _aprotección social
_929076
650 4 _aseguridad social
_927034
650 4 _aprestaciones de maternidad
_927040
650 4 _aembarazo
_929243
650 4 _adespido
_928352
650 4 _aderecho del trabajo
_927165
650 4 _aderecho comunitario
_929866
650 4 _aUE
_926752
650 4 _aEspaña
_926964
653 1 0 _aDerecho del trabajo y Seguridad Social
700 1 _918830
_aMonereo Pérez, José Luis
_epr.
902 _aLIB Libro
942 _2CES
_cBK
_h6.0.1.